Solaris 9 : the complete reference

Saved in:
Bibliographic Details
Main Author: Watters, Paul A.
Format: Book
Language:English
Published: New York : McGraw-Hill/Osborne, c2002.
Subjects:
Tags: Add Tag
No Tags, Be the first to tag this record!

MARC

LEADER 00000cam a2200000 i 4500
001 1/45302
008 031125s2002 nyu| ||| |||| | eng||
020 |a 0072223057 
035 |l 10071701 
040 |a GR-MyUa  |b gre  |e AACR2 
041 0 |a eng 
082 7 |a 005.4469   |2 (21) 
100 1 |a Watters, Paul A. 
245 1 0 |a Solaris 9 :   |b the complete reference /   |c Paul A. Watters.  
260 |a New York :   |b McGraw-Hill/Osborne,   |c c2002.  
300 |a xxiv, 742 σ. :   |b εικ. ;   |c 24 εκ.  
500 |a Περιλαμβάνει ευρετήριο. 
630 0 0 |a Solaris (Computer file) 
650 0 |a Operating systems (Computers) 
852 |a INST  |b LESVOS  |e 20031125  |h 005.4469 WAT  |p 005100030984  |q 005100030984  |t BK  |y 0 
901 |a BIBL1-2003-3 
922 |a 1ΕΛΗ  |b 200311  |c ΤΑΚ/ΚΥΒ  |d LEADER 
950 |a 023-2003-06-11 
970 |a ΤΖΑΦΕΡΗ  |b ΕΥΑΓΓΕΛΙΑ  |z 2003/11/26